000 00403nam a2200145Ia 4500
008 090124s9999 xx 000 0 und d
082 _b201382
245 _a वायबार
250 _a1
260 _bभावे पु. भा. (पुरुषोत्तम भास्कर)
_c1961
300 _a130
630 _a वायबार
730 _a वायबार
942 _cBOOK
999 _c182963
_d182963